Conveyor belts with textile plies for bulk goods; dimensions, specifications, marking. Part 1; Conveyor belts with textile plies for bulk goods Testing. Part 2; Conveyor belts with textile plies for bulk goods; permanent joints. Part 3 (Translations of DIN Standards-Typescript translations) (Record no. 73309)

MARC details
000 -LEADER
fixed length control field 00640nam a2200133Ia 4500
245 #0 - TITLE STATEMENT
Title Conveyor belts with textile plies for bulk goods; dimensions, specifications, marking. Part 1; Conveyor belts with textile plies for bulk goods Testing. Part 2; Conveyor belts with textile plies for bulk goods; permanent joints. Part 3 (Translations of DIN Standards-Typescript translations)
260 ## - PUBLICATION, DISTRIBUTION, ETC. (IMPRINT)
Place of publication Brussels
260 ## - PUBLICATION, DISTRIBUTION, ETC. (IMPRINT)
Year of publication 1991
Name of publisher German Standards Institution
490 ## - SERIES STATEMENT
Series statement German Standard
500 ## - GENERAL NOTE
General note Standard number: DIN 22102. Part 1, Part 2, Part 3
650 ## - SUBJECT ADDED ENTRY--TOPICAL TERM
Topical Term Conveyor belt
942 ## - ADDED ENTRY ELEMENTS (KOHA)
Koha item type Standards
Holdings
Withdrawn status Lost status Damaged status Not for loan Home library Current library Date acquired Koha item type
      Standards RRII Library RRII Library 31/12/2021 Standards